| Tag |
First Indicator |
Second Indicator |
Subfields |
| LEADER |
00000cas a2200000 4500 |
| 001 |
in00000042525 |
| 005 |
20151007074728.0 |
| 008 |
800612c19439999nyuuu b 0uuua0eng |
| 010 |
|
|
|a 43004401
|
| 035 |
|
|
|a (OCoLC)06413218
|
| 035 |
|
|
|9 AAF2001AM
|
| 040 |
|
|
|a DLC
|c TXA
|d UtOrBLW
|
| 049 |
|
|
|a TXAE
|
| 050 |
|
0 |
|a V133
|b .A6
|
| 082 |
0 |
|
|a 359
|
| 100 |
1 |
|
|a Ageton, Arthur A.
|q (Arthur Ainslie),
|d 1900-1971.
|
| 245 |
1 |
4 |
|a The naval officer's guide.
|
| 250 |
|
|
|a [1st- ed.].
|
| 264 |
|
1 |
|a New York :
|b Whittlesey House,
|c [1943-]
|
| 300 |
|
|
|a volumes :
|b illustrations, maps. ;
|c 24 cm.
|
| 336 |
|
|
|a text
|b txt
|2 rdacontent
|
| 337 |
|
|
|a unmediated
|b n
|2 rdamedia
|
| 338 |
|
|
|a volume
|b nc
|2 rdacarrier
|
| 500 |
|
|
|a Erratum slip inserted in volume 1.
|
| 504 |
|
|
|a Includes bibliographies.
|
| 550 |
|
|
|a Fourth- ed. published by McGraw-Hill.
|
| 610 |
1 |
0 |
|a United States.
|b Navy
|v Officers' handbooks.
|
| 610 |
1 |
0 |
|a United States.
|b Navy.
|
| 999 |
|
|
|a MARS
|
| 999 |
f |
f |
|s 9ff512c1-17f1-3e6f-9a2f-c449c621be10
|i 78415f10-c424-3efe-b103-f91f32eb6d57
|t 0
|
| 952 |
f |
f |
|p ric
|a Texas A&M University
|b Rellis Campus
|c Joint Library Facility
|d Remote Storage
|t 0
|e V133 .A6
|h Library of Congress classification
|i unmediated -- volume
|k 2nd ed.
|l 1944
|m A14807246387
|
| 952 |
f |
f |
|p ric
|a Texas A&M University
|b Rellis Campus
|c Joint Library Facility
|d Remote Storage
|t 0
|e V133 .A6
|h Library of Congress classification
|i unmediated -- volume
|k 4th ed.
|l 1951
|m A14806439319
|
| 952 |
f |
f |
|p ric
|a Texas A&M University
|b Rellis Campus
|c Joint Library Facility
|d Remote Storage
|t 0
|e V133 .A6
|h Library of Congress classification
|i unmediated -- volume
|k 7th ed.
|l 1967
|m A14807936843
|
| 998 |
f |
f |
|a V133 .A6
|s 7th ed. (1967)
|t 0
|l Remote Storage
|